Normal view
MARC view
- Gamble, JS
Entry Personal Name
001 - CONTROL NUMBER
- control field: 7175
003 - CONTROL NUMBER IDENTIFIER
- control field: OSt
005 - DATE AND TIME OF LATEST TRANSACTION
- control field: 20250218145737.0
008 - FIXED-LENGTH DATA ELEMENTS
- fixed length control field: 250218|| aca||aabn | a|a d
040 ## - CATALOGING SOURCE
- Original cataloging agency: OSt
- Transcribing agency: OSt
100 ## - HEADING--PERSONAL NAME
- Personal name: Gamble, JS
670 ## - SOURCE DATA FOUND
- Source citation: Work cat.: (OSt)19406: Gamble, JS, Flora of the Presidency of Madras Vol.1, 1995.
